| 000 | 00386nam a22001217a 4500 | ||
|---|---|---|---|
| 999 |
_c9482 _d9482 |
||
| 003 | OSt | ||
| 008 | 201203b ||||| |||| 00| 0 eng d | ||
| 245 | _aJournal Of Structural Engineering | ||
| 250 | _a2016( Apr-May Vol.43 No.1, Jun-Jul Vol.43 No.2, Oct-Nov Vol.43 No.4 ) | ||
| 260 |
_aChennai _bCSIR-Structural Engineering Research Centre |
||
| 650 | _aCivil Engineering | ||
| 942 |
_2ddc _cBV |
||